Statystyki dla Geografia świata na mapie. #2

Kliknij tutaj aby rozwiązać quiz!

Ogólne statystyki

  • Ten quiz został rozwiązany 385 razy
  • Średni wynik to 14 z 25

Odpowiedzi na mapie

Odpowiedzi skodowane kolorowo w zielono-czerwonej skali na mapie do tego quizu, zgodnie z poniższymi procentami.
 

Statystyki odpowiedzi

RodzajOdpowiedź% Poprawnych
PustyniaSahara
96%
PaństwoCzechy
95%
PaństwoEstonia
94%
PaństwoJemen
90%
WyspaGrenlandia
83%
MiastoNowy Jork
83%
MiastoBarcelona
81%
MiastoBuenos Aires
73%
PaństwoBelize
66%
GóraEverest
66%
PustyniaGobi
65%
GóraBlanc
64%
WyspaHaiti
64%
PaństwoUganda
63%
WyspaSycylia
61%
WyspaHonsiu
49%
MiastoMelbourne
48%
WyspaSumatra
44%
GóraDenali
35%
GóraElbrus
33%
MiastoKolkata
24%
PustyniaKalahari
23%
PustyniaWielka Pustynia Piaszczysta
7%
PustyniaMojave
6%
GóraStołowa
3%

Rozkład punktacji

Percentyl według liczby udzielonych odpowiedzi

Procent ludzi z każdym wynikiem

Twoja historia wyników

Nie rozwiązałeś tego quizu